|
|
|
|
| LEADER |
00000cam a2200000 4500 |
| 001 |
vtls011901133 |
| 003 |
SK-MaSNL |
| 005 |
20260301052257.0 |
| 008 |
210624s2019 xo oc grn 000 0 slo |
| 015 |
|
|
|a SNBA2020/02
|
| 020 |
|
|
|a 9788097182595
|q (viazané)
|
| 035 |
|
|
|a urn:nbn:sk:snk-am00edai
|
| 035 |
|
|
|a urn:nbn:sk:snk-am3iglw
|
| 035 |
|
|
|a 6812F9A7-F838-4B85-9090-5D1F65B23312
|
| 040 |
|
|
|a SNK
|b slo
|c SNK
|b SNK
|e rda
|
| 041 |
0 |
|
|a slo
|
| 043 |
|
|
|a e-xo---
|
| 044 |
|
|
|a xo
|c SK
|
| 072 |
|
7 |
|a 63
|x Poľnohospodárstvo a príbuzné oblasti vedy a techniky
|2 konspekt
|
| 080 |
|
|
|a 63(091)
|2 2011
|
| 080 |
|
|
|a (437.61)
|2 2011
|
| 100 |
1 |
|
|a Jablonická, Kvetoslava
|4 aut
|9 360847
|
| 245 |
1 |
0 |
|a Križovatky pôdohospodárstva na Záhorí
|b 70 rokov strastiplnej cesty poľnohospodárstva v tomto hospodársky rozmanitom regióne
|c Kvetoslava Jablonická, Milan Kučera a kolektív ; editorka a redaktorka Soňa Ludvighová
|
| 250 |
|
|
|a 1. vydanie
|
| 264 |
|
1 |
|a Plavecký Peter
|b Občianske združenie Podhoran
|c 2019
|
| 300 |
|
|
|a 324 strán
|b fotografie (prevažne farebné), portréty
|c 24 cm
|
| 336 |
|
|
|a text
|b txt
|2 rdacontent
|
| 337 |
|
|
|a bez média
|b n
|2 rdamedia
|
| 338 |
|
|
|a zväzok
|b nc
|2 rdacarrier
|
| 366 |
|
|
|e 2000 kusov
|
| 500 |
|
|
|a Názov z obalu
|
| 504 |
|
|
|a Bibliografia na strane 321-322
|
| 650 |
0 |
7 |
|a dejiny poľnohospodárstva
|2 SNKPH
|9 60041
|
| 650 |
0 |
7 |
|a History of agriculture
|2 SNKPHeng
|9 360848
|
| 651 |
|
7 |
|a Záhorie (Slovensko : región)
|2 SNKPHgeo
|9 177455
|
| 651 |
|
7 |
|a Záhorie (Slovakia : region)
|2 SNKPHeng
|9 121216
|
| 700 |
1 |
|
|a Kučera, Milan
|4 aut
|9 6483
|
| 700 |
1 |
|
|a Ludvighová, Soňa
|4 edt
|9 270799
|
| 919 |
|
|
|a 978-80-971825-9-5
|
| 958 |
|
|
|a NB
|
| 999 |
|
|
|c 605477
|d 607407
|
| 952 |
|
|
|a SNK
|b SNK
|y PREZ
|7 0
|p 17A1414062
|o snkSC 187476
|i snk2020/1048
|8 0
|0 0
|1 0
|4 0
|d 2020-01-17
|f 1
|l 0
|r 2026-02-23 16:07:10
|w 2026-02-23
|
| 952 |
|
|
|a SNK
|b SNK
|y VYP
|7 0
|p 17A1414061
|o snkSC 187476 D1
|i snk2020/1049
|8 0
|0 0
|1 0
|4 0
|d 2020-01-17
|l 0
|r 2026-02-23 16:07:10
|w 2026-02-23
|